| 000 | 00763nam a2200229 a 4500 | ||
|---|---|---|---|
| 001 | 39423 | ||
| 003 | BD-RjUL | ||
| 005 | 20211209053004.0 | ||
| 008 | 160410m20141992ii a|||| |||| 00| 0 ben d | ||
| 020 |
_a8172150369 _c: TK. 550.00 |
||
| 035 | _a(BD-RjUL)39536 | ||
| 040 |
_aBD-RjUL _bben _cBD-RjUL |
||
| 041 | _aben | ||
| 082 |
_223 _a759.954 _bROS 2014 |
||
| 100 |
_aরায়, গোপালকৃষ্ণ _9121533 |
||
| 245 |
_aসুচিএার কথা / _cগোপালকৃষ্ণ রায় |
||
| 260 |
_aকলকাতা : _bআনন্দ পাবলিশাস ; _c২০১৪ |
||
| 300 |
_a১৬৬ পৃ. : _bচিএ ; _c২৪ সেমি. |
||
| 650 |
_aArt _9121534 |
||
| 650 |
_aচিএ _9121502 |
||
| 942 |
_2ddc _cBK _01 |
||
| 999 |
_c39423 _d39423 |
||